000 01168nam a22002537a 4500
005 20090715104918.0
008 090714t xxu||||| |||| 00| 0 hin d
010 _aHIN-87241
020 _a8189358138
_c200.00
035 _aHN-59587
037 _bDBAD / PUB
040 _adpl
_bhn
082 _a808.6
100 _aसेंगर, शैलेन्द्र
245 _aआदर्श पत्र-लेखन /
_cशैलेन्द्र सेंगर
246 _aAadarsha patra lekhana
_bby Shailendra Sengar
260 _aदिल्ली
_bएवरेस्ट पब्लिशिंग कंपनी
_c2009
270 _aआत्माराम बिल्डिंग, 1362, कश्मीरी गेट
_bदिल्ली
_k110006
300 _a176पृ.
_c22सेमी(सजिल्द)
650 _aपत्र लेखन
650 _aLetter writing
942 _2ddc
_cHN
_mसेंगर
_h808.6
999 _c28279
_d28279